| 000 | 00907naa a2200253 c 4500 | ||
|---|---|---|---|
| 001 | 49240 | ||
| 999 |
_c49240 _d49240 |
||
| 003 | ES-MaCES | ||
| 005 | 20170419135135.0 | ||
| 008 | 170419s2017 sp ||||| t||||||| ||spa d | ||
| 040 |
_aES-MaCES _bspa _cES-MaCES _dES-MaCES |
||
| 100 | 1 |
_938066 _aVilnitzky, Mariana |
|
| 245 | 1 | 3 |
_aEl círculo vicioso de la desigualdad _cMariana Vilnitzky |
| 650 | 4 |
_928657 _amujeres |
|
| 650 | 4 |
_928413 _atrabajadora |
|
| 650 | 4 |
_927816 _alicencia de maternidad |
|
| 650 | 4 |
_927303 _aconciliación |
|
| 650 | 4 |
_927318 _afamilia |
|
| 650 | 4 |
_929521 _adiscriminación por razones de sexo |
|
| 650 | 4 |
_930147 _aigualdad de trato |
|
| 653 | 1 | 0 | _aMujer |
| 773 | 0 |
_985867 _dBarcelona Alternativas Económicas SCCL D.L. 2013- _o088765 _tAlternativas económicas _w(ES-MaCES)45016 _gn. 45 (marzo 2017) {55/1126 R. 088765} ;p. 40-44 |
|
| 902 | _aART Artículo de revista | ||
| 942 |
_2CES _cAR _h3.3. |
||